[Event "Quebec op"]
[Site "Montreal CAN"]
[Date "2000.07.23"]
[Round "2"]
[White "Dumouchel, Alain"]
[Black "Postnikova, Anna"]
[Result "1-0"]
[WhiteElo "2021"]
[BlackElo "1769"]
[PlyCount "97"]
[GameId "2160767911653046"]
[EventDate "2000.07.22"]
[EventType "swiss"]
[EventRounds "9"]
[EventCountry "CAN"]

1. a3 d5 2. d4 Bf5 3. Nf3 Nf6 4. c4 e6 5. Qb3 Qc8 6. Ne5 c6 7. Nc3 Nbd7 8. Nxd7 Qxd7 9. Bd2 Bd6 10. f3 O-O 11. c5 Bc7 12. Bg5 Bg6 13. e3 b6 14. cxb6 axb6 15. Be2 c5 16. O-O Rfb8 17. Qd1 Rd8 18. Qe1 e5 19. Qh4 exd4 20. exd4 Qf5 21. Rad1 c4 22. g4 Qe6 23. Rde1 Qc6 24. Bxf6 gxf6 25. f4 Bc2 26. Rf3 Kh8 27. Bd1 Bd3 28. Re7 Rg8 29. Kf2 Rg7 30. Qh6 Qd6 31. Rxc7 Qxc7 32. Nxd5 Qd6 33. Nxf6 Qxd4+ 34. Re3 Bg6 35. Bf3 Qxb2+ 36. Kg3 Rd8 37. Nd5 Bd3 38. Re5 c3 39. Qf6 Rc8 40. Rg5 Bg6 41. f5 Qc1 42. fxg6 hxg6 43. Ne7 Qe1+ 44. Kg2 Qd2+ 45. Kg3 Re8 46. Re5 Qd8 47. Be4 Qc7 48. Kg2 Qd8 49. Rh5+ 1-0

[Event "Quebec op"]
[Site "Montreal CAN"]
[Date "2000.07.23"]
[Round "2"]
[White "Dvoretskij, Alexey"]
[Black "Kulagin, Maxim"]
[Result "1-0"]
[WhiteElo "2098"]
[BlackElo "1895"]
[PlyCount "67"]
[GameId "2160767911653048"]
[EventDate "2000.07.22"]
[EventType "swiss"]
[EventRounds "9"]
[EventCountry "CAN"]

1. e4 e6 2. d4 d5 3. Nd2 dxe4 4. Nxe4 b6 5. Nf3 Bb7 6. Bb5+ Nd7 7. Qe2 Ngf6 8. Nxf6+ gxf6 9. Bf4 Rg8 10. Bg3 Bh6 11. c4 c6 12. Ba4 Qe7 13. O-O f5 14. d5 cxd5 15. Ne5 Rd8 16. Qh5 Qf6 17. Nxd7 Rxd7 18. Rad1 d4 19. Bxd7+ Kxd7 20. Rxd4+ Qxd4 21. Qxf7+ Kd8 22. Qxg8+ Ke7 23. Qxh7+ Bg7 24. Bh4+ Kf8 25. Qh5 Qxc4 26. Rd1 Bd5 27. Qg5 Bxb2 28. Qe7+ Kg8 29. Bf6 Bxf6 30. Qxf6 Qg4 31. f3 Qf4 32. h4 Qe3+ 33. Kh1 Qh6 34. Qxh6 1-0

[Event "Quebec op"]
[Site "Montreal CAN"]
[Date "2000.07.23"]
[Round "2"]
[White "Gagnon, Michel"]
[Black "St Amand, Paul Jr"]
[Result "0-1"]
[WhiteElo "2193"]
[BlackElo "2153"]
[PlyCount "126"]
[GameId "2160767911653050"]
[EventDate "2000.07.22"]
[EventType "swiss"]
[EventRounds "9"]
[EventCountry "CAN"]

1. d4 Nf6 2. Nf3 e6 3. e3 c5 4. Bd3 b6 5. O-O Bb7 6. Nbd2 Be7 7. b3 O-O 8. Bb2 d6 9. Qe2 Nbd7 10. c4 Qc7 11. Rad1 Rad8 12. Ng5 Qb8 13. f4 Rfe8 14. Bb1 h6 15. Qd3 Nf8 16. Ngf3 Qa8 17. e4 d5 18. cxd5 exd5 19. e5 Ne4 20. Rfe1 Qc8 21. Qe3 f5 22. g3 Ne6 23. Kg2 Kh7 24. Rc1 Qd7 25. h4 Rg8 26. Rh1 g6 27. Rcd1 Qe8 28. Nf1 Rg7 29. Bd3 Kg8 30. dxc5 bxc5 31. Qe2 Bc6 32. Ne3 Bf8 33. Kh2 Kh7 34. Qc2 Qd7 35. Bxe4 fxe4 36. Ng4 Be7 37. Nf6+ Bxf6 38. exf6 Rgg8 39. Ne5 Qc7 40. h5 gxh5 41. f7 Rgf8 42. Qe2 Ng7 43. Kg1 Rxf7 44. Rxh5 Nxh5 45. Qxh5 Rf6 46. Ng4 Rg6 47. Nf6+ Rxf6 48. Bxf6 Rg8 49. Qf5+ Rg6 50. Be5 Qe7 51. Qc8 Rxg3+ 52. Kf2 Rf3+ 53. Kg2 Be8 54. Rxd5 Qf7 55. Qg4 Rxf4 56. Qxf4 Qxd5 57. Qf6 Qf7 58. Qd6 Qg6+ 59. Qxg6+ Kxg6 60. Bd6 c4 61. bxc4 Bf7 62. a4 Bxc4 63. a5 a6 0-1

[Event "Quebec op"]
[Site "Montreal CAN"]
[Date "2000.07.23"]
[Round "2"]
[White "Golts, Roman"]
[Black "Sakr, Nassim"]
[Result "1/2-1/2"]
[WhiteElo "2192"]
[BlackElo "2199"]
[PlyCount "57"]
[GameId "2160767911653051"]
[EventDate "2000.07.22"]
[EventType "swiss"]
[EventRounds "9"]
[EventCountry "CAN"]
[SourceTitle "EXT 2002"]
[Source "ChessBase"]
[SourceDate "2001.11.25"]
[SourceVersion "1"]
[SourceVersionDate "2001.11.25"]
[SourceQuality "1"]

1. e4 c5 2. Nf3 d6 3. d4 cxd4 4. Nxd4 Nf6 5. Nc3 a6 6. f4 e6 7. Bd3 Nbd7 8. Nf3 Qc7 9. O-O Be7 10. Qe1 Nc5 11. Qg3 b5 12. e5 Nh5 13. Qf2 g6 14. exd6 Bxd6 15. Bxb5+ axb5 16. Nxb5 Qb6 17. Qd4 Bf8 18. Nc7+ Qxc7 19. Qxh8 Ba6 20. Re1 Nxf4 21. Bxf4 Qxf4 22. Rad1 Bb7 23. Rd4 Qf5 24. Red1 Bxf3 25. gxf3 Qg5+ 26. Kh1 Qf5 27. Kg1 Rc8 28. c4 Qg5+ 29. Kh1 1/2-1/2

[Event "Quebec op"]
[Site "Montreal CAN"]
[Date "2000.07.23"]
[Round "2"]
[White "Gruzmann, Boris"]
[Black "Miladinovic, Igor"]
[Result "0-1"]
[WhiteElo "2302"]
[BlackElo "2563"]
[PlyCount "116"]
[GameId "2160767911653052"]
[EventDate "2000.07.22"]
[EventType "swiss"]
[EventRounds "9"]
[EventCountry "CAN"]
[SourceTitle "EXT 2002"]
[Source "ChessBase"]
[SourceDate "2001.11.25"]
[SourceVersion "1"]
[SourceVersionDate "2001.11.25"]
[SourceQuality "1"]

1. e4 c5 2. Nf3 Nc6 3. d4 cxd4 4. Nxd4 Qc7 5. Nc3 e6 6. f4 a6 7. a3 b5 8. Be2 Bb7 9. Nxc6 Qxc6 10. Bf3 Rc8 11. Qe2 Qc4 12. Bd2 Qxe2+ 13. Kxe2 h5 14. Rhc1 Ne7 15. Be3 f5 16. exf5 Bxf3+ 17. Kxf3 Nxf5 18. Bf2 Be7 19. Ne4 d5 20. Nd2 g5 21. fxg5 Bxg5 22. Ke2 O-O 23. c3 Nd6 24. Be3 Bxe3 25. Kxe3 Rf5 26. Re1 Kg7 27. a4 Rc6 28. axb5 axb5 29. Kd3 e5 30. Rf1 Kf6 31. Rxf5+ Nxf5 32. Ra8 e4+ 33. Ke2 b4 34. Rf8+ Kg6 35. Rd8 bxc3 36. bxc3 Rc5 37. Nf1 Kf6 38. Kd2 Ra5 39. Rf8+ Ke6 40. Re8+ Kf7 41. Rh8 Ra2+ 42. Ke1 h4 43. g4 hxg3 44. hxg3 Rc2 45. g4 Ne7 46. Rh7+ Kf8 47. Rh3 Rc1+ 48. Kf2 Kg7 49. Ng3 Rc2+ 50. Ke1 Ng6 51. Kd1 Rf2 52. Ke1 Rg2 53. c4 dxc4 54. Nf5+ Kf6 55. Nd6 Nf4 56. g5+ Kg6 57. Rc3 Nd3+ 58. Kf1 e3 0-1

[Event "Quebec op"]
[Site "Montreal CAN"]
[Date "2000.07.23"]
[Round "2"]
[White "Ibrahim, Anthony"]
[Black "Sullivan, Neil"]
[Result "1-0"]
[WhiteElo "2202"]
[BlackElo "2136"]
[PlyCount "77"]
[GameId "2160767911653053"]
[EventDate "2000.07.22"]
[EventType "swiss"]
[EventRounds "9"]
[EventCountry "CAN"]

1. e4 c5 2. Nf3 Nc6 3. d4 cxd4 4. Nxd4 g6 5. c4 Bg7 6. Be3 Nf6 7. Nc3 O-O 8. Be2 d6 9. O-O a6 10. f3 Bd7 11. Qd2 Rc8 12. Rac1 Ne8 13. Rfd1 f5 14. exf5 Bxf5 15. Nxf5 Rxf5 16. f4 Rf8 17. Bg4 Rb8 18. Be6+ Kh8 19. Nd5 b6 20. Qf2 Nc7 21. Bh3 Nxd5 22. cxd5 Ne5 23. Qd2 Nd7 24. Rc6 a5 25. a3 b5 26. b4 Nb6 27. Bxb6 Rxb6 28. Rc8 Qxc8 29. Bxc8 Rxc8 30. bxa5 Ra6 31. Qe2 Bf6 32. g4 h6 33. g5 hxg5 34. fxg5 Be5 35. Qg4 Rc2 36. Qh3+ Kg7 37. Qh6+ Kf7 38. Rf1+ Ke8 39. Qxg6+ 1-0

[Event "Quebec op"]
[Site "Montreal CAN"]
[Date "2000.07.23"]
[Round "2"]
[White "Khaziyeva, Dinara"]
[Black "Feoktistov, Dmitri"]
[Result "1/2-1/2"]
[WhiteElo "1888"]
[BlackElo "1991"]
[PlyCount "54"]
[GameId "2160767911653054"]
[EventDate "2000.07.22"]
[EventType "swiss"]
[EventRounds "9"]
[EventCountry "CAN"]

1. c4 e6 2. Nf3 d5 3. cxd5 exd5 4. g3 Nf6 5. Bg2 Be7 6. O-O O-O 7. d3 c6 8. Bf4 Bd6 9. Bxd6 Qxd6 10. Nbd2 Re8 11. a3 Nbd7 12. d4 Ne4 13. Nb3 Nf8 14. Rc1 Ng6 15. Nc5 Nxc5 16. Rxc5 Bf5 17. e3 Be4 18. b4 Rac8 19. Qb3 Bxf3 20. Bxf3 Nf8 21. Bg4 Ne6 22. Rc3 Rc7 23. Rfc1 Rec8 24. Qc2 a6 25. Bxe6 fxe6 26. Rc5 g6 27. f4 Kh8 1/2-1/2

[Event "Quebec op"]
[Site "Montreal CAN"]
[Date "2000.07.23"]
[Round "2"]
[White "Lasitsin, Ilja"]
[Black "Neacsu, Catalin"]
[Result "1-0"]
[WhiteElo "1952"]
[BlackElo "1987"]
[PlyCount "161"]
[GameId "2160767911653055"]
[EventDate "2000.07.22"]
[EventType "swiss"]
[EventRounds "9"]
[EventCountry "CAN"]

1. c4 c5 2. Nc3 Nc6 3. g3 g6 4. Bg2 Bg7 5. e4 d6 6. d3 e5 7. Be3 Nge7 8. Nge2 Be6 9. Qd2 h5 10. h3 Qd7 11. Nd5 f6 12. f4 Nd4 13. Nec3 Nec6 14. O-O-O O-O-O 15. Rdf1 Rdf8 16. h4 Bg4 17. Rf2 Rf7 18. Rhf1 Rhf8 19. Nb5 Kb8 20. Kb1 b6 21. Na3 Kb7 22. Nc2 Nxc2 23. Qxc2 Nd4 24. Bxd4 cxd4 25. f5 g5 26. Bf3 Bxf3 27. Rxf3 g4 28. R3f2 Bh6 29. a4 Ra8 30. Qb3 Qc6 31. Kc2 a5 32. Ra1 Bg7 33. Kd1 Qc5 34. Ra3 Rb8 35. Qc2 Kc8 36. Rb3 Kd8 37. Ke2 Rfb7 38. Rb5 Qc6 39. Rf1 Ke8 40. Rb1 Kf7 41. b4 Bf8 42. Qb3 axb4 43. Qxb4 Be7 44. Qb3 Kg7 45. a5 Bd8 46. Nxb6 Ra7 47. Qb4 Bxb6 48. Rxb6 Rxb6 49. axb6 Rb7 50. Qa5 Kf7 51. Kd2 Ke7 52. Rb5 Kd7 53. Kc2 Rb8 54. Qa7+ Qb7 55. Kb3 Kc8 56. Kb4 Ra8 57. Qxb7+ Kxb7 58. Ra5 Rc8 59. Ra7+ Kxb6 60. Rf7 Kc6 61. Rxf6 Rb8+ 62. Ka4 Rb1 63. Rh6 Ra1+ 64. Kb3 Rg1 65. Rxh5 Rxg3 66. Kc2 Rf3 67. Rg5 g3 68. h5 Rf2+ 69. Kb3 Rf3 70. h6 g2 71. Rxg2 Rxd3+ 72. Kc2 Rh3 73. Rg6 Kc5 74. f6 Kxc4 75. f7 d3+ 76. Kd2 Rh2+ 77. Ke3 Rh3+ 78. Kf2 Rh2+ 79. Kg3 d2 80. Rxd6 Rxh6 81. f8=Q 1-0

[Event "Quebec op"]
[Site "Montreal CAN"]
[Date "2000.07.23"]
[Round "2"]
[White "Mikanovic, Goran"]
[Black "Prahov, Valentin"]
[Result "1/2-1/2"]
[WhiteElo "2308"]
[BlackElo "2229"]
[PlyCount "94"]
[GameId "2160767911653057"]
[EventDate "2000.07.22"]
[EventType "swiss"]
[EventRounds "9"]
[EventCountry "CAN"]
[SourceTitle "EXT 2002"]
[Source "ChessBase"]
[SourceDate "2001.11.25"]
[SourceVersion "1"]
[SourceVersionDate "2001.11.25"]
[SourceQuality "1"]

1. d4 c5 2. d5 e6 3. e4 exd5 4. exd5 a6 5. a4 d6 6. Nc3 g6 7. Nf3 Bg4 8. Be2 Bg7 9. O-O Ne7 10. h3 Bxf3 11. Bxf3 Nd7 12. Bf4 Ne5 13. Be2 O-O 14. Re1 Qd7 15. Bf1 Rae8 16. Bh2 f5 17. f4 Nf7 18. Qd2 Nc8 19. a5 Rxe1 20. Rxe1 Re8 21. Bg3 Rxe1 22. Bxe1 Qe7 23. Bf2 Bh6 24. Qe3 Qxe3 25. Bxe3 Ne7 26. Kf2 Bg7 27. Bc4 Bxc3 28. bxc3 Kf8 29. g4 Nh6 30. Kf3 Nhg8 31. Bb3 Nf6 32. c4 Ne4 33. Ba4 Nf6 34. Bf2 Kf7 35. Bh4 Nc8 36. gxf5 gxf5 37. Ke3 Ne7 38. c3 h6 39. Be1 Ng6 40. Bc2 Ne7 41. Ba4 Ng6 42. Kf3 Ne7 43. Bh4 Ng6 44. Bxf6 Kxf6 45. Bd7 Ne7 46. Kg3 Kg6 47. Kh4 Kf6 1/2-1/2

[Event "Quebec op"]
[Site "Montreal CAN"]
[Date "2000.07.23"]
[Round "2"]
[White "Nicula, Marius"]
[Black "Pineault, Denis"]
[Result "0-1"]
[WhiteElo "2225"]
[BlackElo "2230"]
[PlyCount "90"]
[GameId "2160767911653058"]
[EventDate "2000.07.22"]
[EventType "swiss"]
[EventRounds "9"]
[EventCountry "CAN"]
[SourceTitle "EXT 2002"]
[Source "ChessBase"]
[SourceDate "2001.11.25"]
[SourceVersion "1"]
[SourceVersionDate "2001.11.25"]
[SourceQuality "1"]

1. d4 d5 2. c4 c6 3. Nf3 Nf6 4. Qb3 a6 5. Bf4 e6 6. e3 Be7 7. Nc3 b5 8. cxd5 cxd5 9. Rc1 O-O 10. h3 Bb7 11. Bd3 Nc6 12. O-O Rc8 13. Ne5 Nxe5 14. Bxe5 Nd7 15. Bg3 Nb6 16. a4 Nc4 17. Rfd1 b4 18. Ne2 Qb6 19. Qa2 b3 20. Qb1 h6 21. Rc3 Bb4 22. Rxb3 Na5 23. Rxb4 Qxb4 24. Nf4 Nc4 25. Nh5 Nd2 26. Bh7+ Kh8 27. Qd3 Ne4 28. Bxe4 dxe4 29. Qe2 Qe7 30. Be5 f6 31. Bg3 a5 32. Nf4 Qf7 33. h4 Bd5 34. h5 Rfd8 35. Ng6+ Kg8 36. Qa6 Ra8 37. Qb6 Qb7 38. Qc5 Kh7 39. Rd2 Qc6 40. b4 axb4 41. Qxb4 Qxa4 42. Qe7 Qa7 43. Bc7 Rdc8 44. Rc2 Qa1+ 45. Kh2 Qd1 0-1

[Event "Quebec op"]
[Site "Montreal CAN"]
[Date "2000.07.23"]
[Round "2"]
[White "Poulin, Maurice"]
[Black "Loadman, Ian"]
[Result "1/2-1/2"]
[WhiteElo "2108"]
[BlackElo "2087"]
[PlyCount "80"]
[GameId "2160767911653059"]
[EventDate "2000.07.22"]
[EventType "swiss"]
[EventRounds "9"]
[EventCountry "CAN"]

1. e4 e5 2. Nf3 Nc6 3. c3 Nf6 4. d3 d5 5. Nbd2 a5 6. Be2 Bc5 7. h3 O-O 8. Qc2 Qe7 9. Nf1 Rd8 10. Bg5 h6 11. Bd2 b5 12. g4 Ne8 13. Ne3 Be6 14. Nxd5 Bxd5 15. exd5 Rxd5 16. g5 hxg5 17. Nxg5 Nf6 18. Ne4 Nxe4 19. dxe4 Rd6 20. Bxb5 Rad8 21. O-O-O Bxf2 22. Kb1 Qd7 23. Rhf1 Rxd2 24. Rxd2 Qxd2 25. Bxc6 Qxc2+ 26. Kxc2 Be3 27. Bd5 Bf4 28. Rd1 Kf8 29. Rd3 Rd6 30. a4 Ke7 31. b4 axb4 32. cxb4 c6 33. Bc4 f6 34. a5 Rxd3 35. Kxd3 Kd6 36. Bf7 Bg3 37. Kc4 Be1 38. a6 Bf2 39. b5 cxb5+ 40. Kxb5 Kc7 1/2-1/2

[Event "Quebec op"]
[Site "Montreal CAN"]
[Date "2000.07.23"]
[Round "2"]
[White "Razdolksky, Ilija"]
[Black "Strassmann, Swantje"]
[Result "1-0"]
[WhiteElo "2143"]
[BlackElo "2070"]
[PlyCount "103"]
[GameId "2160767911653060"]
[EventDate "2000.07.22"]
[EventType "swiss"]
[EventRounds "9"]
[EventCountry "CAN"]

1. e4 c5 2. Nc3 Nc6 3. f4 g6 4. Nf3 Bg7 5. Bc4 e6 6. O-O Nge7 7. e5 d5 8. exd6 Qxd6 9. d3 b6 10. Bd2 O-O 11. a4 a6 12. Qe1 Nf5 13. Ne4 Qd8 14. Bc3 Ncd4 15. Qf2 Nxf3+ 16. Qxf3 Nd4 17. Nf6+ Bxf6 18. Qxa8 Ne2+ 19. Kh1 Nxc3 20. bxc3 Bxc3 21. Rab1 Qd6 22. Qf3 Qc7 23. Rb3 Ba5 24. h4 h5 25. Qg3 Qd7 26. f5 Qd4 27. fxe6 Bxe6 28. Bxe6 fxe6 29. Qxg6+ Qg7 30. Qxe6+ Kh8 31. Rxf8+ Qxf8 32. Qe5+ Kg8 33. Qg5+ Qg7 34. Qxg7+ Kxg7 35. Rb1 Kf6 36. Kh2 Ke5 37. Rf1 Kd4 38. Rf4+ Kc3 39. Rc4+ Kb2 40. g4 hxg4 41. h5 Bd2 42. Rxg4 Kxc2 43. Rg2 Kxd3 44. Rxd2+ Kxd2 45. h6 c4 46. h7 c3 47. h8=Q c2 48. Qd4+ Ke2 49. Qc3 Kd1 50. Qd3+ Kc1 51. Qxa6 Kd1 52. Qxb6 1-0

[Event "Quebec op"]
[Site "Montreal CAN"]
[Date "2000.07.23"]
[Round "2"]
[White "Reeve, Jeff"]
[Black "Sarwer, Jeff"]
[Result "0-1"]
[WhiteElo "2318"]
[BlackElo "2164"]
[PlyCount "35"]
[GameId "2160767911653061"]
[EventDate "2000.07.22"]
[EventType "swiss"]
[EventRounds "9"]
[EventCountry "CAN"]

1. e4 Nc6 2. Nf3 d6 3. d4 Nf6 4. c3 Nxe4 5. d5 Nxf2 6. Kxf2 Ne5 7. Nxe5 dxe5 8. Bb5+ c6 9. dxc6 Qb6+ 10. Be3 Qxb5 11. cxb7 Bxb7 12. Nd2 f5 13. Qb3 Qc6 14. Nf3 f4 15. Bc1 e6 16. Rd1 Bc5+ 17. Kf1 Bb6 18. Rd2 0-1

[Event "Quebec op"]
[Site "Montreal CAN"]
[Date "2000.07.23"]
[Round "2"]
[White "Roy, Guy"]
[Black "Moss, Laurent"]
[Result "1-0"]
[WhiteElo "2089"]
[BlackElo "2035"]
[PlyCount "67"]
[GameId "2160767911653062"]
[EventDate "2000.07.22"]
[EventType "swiss"]
[EventRounds "9"]
[EventCountry "CAN"]

1. e4 c5 2. Ne2 d6 3. Ng3 g6 4. Nc3 Bg7 5. Be2 Nc6 6. O-O Nd4 7. d3 b5 8. a3 e6 9. Nb1 Bd7 10. c3 Nxe2+ 11. Qxe2 Ne7 12. Bf4 Qb6 13. Nd2 O-O 14. Rac1 d5 15. Nf3 Rfc8 16. Ne5 Be8 17. Ng4 b4 18. e5 Nf5 19. Nf6+ Kh8 20. Qg4 Qd8 21. Bg5 Qc7 22. Rfe1 Nxg3 23. Qxg3 bxa3 24. bxa3 Qa5 25. Qh4 h5 26. g4 Qa4 27. c4 dxc4 28. dxc4 Rd8 29. gxh5 Rd4 30. Qh3 Rd3 31. Qxd3 Rb8 32. hxg6 Rb3 33. Rc3 Qa5 34. Qh3+ 1-0

[Event "Quebec op"]
[Site "Montreal CAN"]
[Date "2000.07.23"]
[Round "2"]
[White "Rozentalis, Eduardas"]
[Black "Kogan, Artur"]
[Result "0-1"]
[WhiteElo "2570"]
[BlackElo "2504"]
[PlyCount "62"]
[GameId "2160767911653063"]
[EventDate "2000.07.22"]
[EventType "swiss"]
[EventRounds "9"]
[EventCountry "CAN"]
[SourceTitle "EXT 2002"]
[Source "ChessBase"]
[SourceDate "2001.11.25"]
[SourceVersion "1"]
[SourceVersionDate "2001.11.25"]
[SourceQuality "1"]

1. e4 d5 2. exd5 Qxd5 3. Nc3 Qa5 4. g3 g6 5. Bg2 Bg7 6. Nge2 Nf6 7. O-O c6 8. Rb1 O-O 9. b4 Qc7 10. d4 Be6 11. Re1 Rd8 12. Bf4 Qc8 13. Bg5 h6 14. Bxf6 Bxf6 15. Qd2 Bg7 16. Qe3 Nd7 17. Rbd1 Nb6 18. Nf4 Bg4 19. Nce2 g5 20. Nd3 Nc4 21. Qc1 a5 22. c3 axb4 23. Nxb4 Qf5 24. f3 Bxf3 25. Rf1 g4 26. Rd3 c5 27. Rdxf3 gxf3 28. Rxf3 Qe4 29. Rf2 Qe3 30. Qxe3 Nxe3 31. dxc5 Rd1+ 0-1

[Event "Quebec op"]
[Site "Montreal CAN"]
[Date "2000.07.23"]
[Round "2"]
[White "Tyomkin, Dimitri"]
[Black "Lazarev, Vladimir"]
[Result "1/2-1/2"]
[WhiteElo "2522"]
[BlackElo "2478"]
[PlyCount "25"]
[GameId "2160767911653065"]
[EventDate "2000.07.22"]
[EventType "swiss"]
[EventRounds "9"]
[EventCountry "CAN"]
[SourceTitle "EXT 2002"]
[Source "ChessBase"]
[SourceDate "2001.11.25"]
[SourceVersion "1"]
[SourceVersionDate "2001.11.25"]
[SourceQuality "1"]

1. d4 d5 2. c4 dxc4 3. Nf3 a6 4. e3 Nf6 5. Bxc4 e6 6. Qe2 c5 7. dxc5 Bxc5 8. e4 b5 9. Bd3 Nc6 10. Nc3 e5 11. h3 Nd4 12. Nxd4 Bxd4 13. a4 1/2-1/2

[Event "Quebec op"]
[Site "Montreal CAN"]
[Date "2000.07.24"]
[Round "2"]
[White "Kalinichev, Andrey"]
[Black "Pnevmonidis, Pantelis"]
[Result "1-0"]
[WhiteElo "2043"]
[BlackElo "2080"]
[PlyCount "75"]
[GameId "2160767911653067"]
[EventDate "2000.07.22"]
[EventType "swiss"]
[EventRounds "9"]
[EventCountry "CAN"]
[SourceTitle "EXT 2002"]
[Source "ChessBase"]
[SourceDate "2001.11.25"]
[SourceVersion "1"]
[SourceVersionDate "2001.11.25"]
[SourceQuality "1"]

1. d4 d5 2. Bg5 c6 3. e3 Qb6 4. Qc1 Bf5 5. Nf3 h6 6. Bf4 Nd7 7. Nbd2 e6 8. Be2 Ngf6 9. h3 Be7 10. O-O O-O 11. c4 c5 12. b3 Rac8 13. Qb2 Bg6 14. Rac1 cxd4 15. exd4 dxc4 16. Nxc4 Qd8 17. Nce5 Nxe5 18. Nxe5 Be4 19. Rxc8 Qxc8 20. Rc1 Qd8 21. Bf3 Bxf3 22. Nxf3 Nd5 23. Be5 Qa5 24. Qe2 Rd8 25. Rc2 Bd6 26. Bxd6 Rxd6 27. Rc5 Qb6 28. Ne5 Rd8 29. Qh5 f6 30. Qf7+ Kh8 31. Ng6+ Kh7 32. Nf8+ Rxf8 33. Qxf8 Nf4 34. Kh2 Qb4 35. Rc8 Qe1 36. Qh8+ Kg6 37. Rc7 Ne2 38. Qxg7+ 1-0

[Event "Quebec op"]
[Site "Montreal CAN"]
[Date "2000.07.23"]
[Round "3"]
[White "Beaulieu, Pierre"]
[Black "Reeve, Jeff"]
[Result "0-1"]
[WhiteElo "2193"]
[BlackElo "2318"]
[PlyCount "64"]
[GameId "2160767911653068"]
[EventDate "2000.07.22"]
[EventType "swiss"]
[EventRounds "9"]
[EventCountry "CAN"]

1. e4 c5 2. Nc3 Nc6 3. g3 g6 4. Bg2 Bg7 5. d3 d6 6. f4 e6 7. Nf3 Nge7 8. O-O O-O 9. Be3 Nd4 10. Qd2 Bd7 11. g4 f5 12. h3 Nec6 13. Nh2 Qa5 14. a3 Rae8 15. Rae1 b5 16. Qc1 b4 17. axb4 Nxb4 18. Rf2 Bc6 19. Rd1 Rb8 20. Nf3 Rb7 21. Rdd2 Ndxc2 22. Rxc2 Nxd3 23. Qd2 Nxf2 24. Qxd6 Nxh3+ 25. Bxh3 Bxe4 26. Nxe4 fxe4 27. Qxe6+ Kh8 28. Nh2 Qa1+ 29. Nf1 Rxb2 30. Rxc5 Re2 31. Rc1 Qa3 32. Qxe4 Qxc1 0-1

[Event "Quebec op"]
[Site "Montreal CAN"]
[Date "2000.07.23"]
[Round "3"]
[White "Belanger, Jacques"]
[Black "Dumouchel, Alain"]
[Result "1/2-1/2"]
[WhiteElo "2113"]
[BlackElo "2021"]
[PlyCount "77"]
[GameId "2160767911653069"]
[EventDate "2000.07.22"]
[EventType "swiss"]
[EventRounds "9"]
[EventCountry "CAN"]

1. e4 e5 2. Nf3 Nc6 3. Bb5 a6 4. Ba4 Nf6 5. O-O b5 6. Bb3 Bc5 7. c3 d6 8. d4 Bb6 9. h3 Bb7 10. Re1 O-O 11. a4 Rb8 12. Na3 Qe8 13. Bg5 Ne7 14. Bxf6 gxf6 15. axb5 axb5 16. Qd2 Ng6 17. h4 Kh8 18. Qh6 Qe7 19. g3 Rg8 20. h5 Nf4 21. Nh4 Bc8 22. Re3 Rg5 23. Nf5 Bxf5 24. exf5 Rxh5 25. Qxf4 Qd7 26. Qe4 Rxf5 27. Bxf7 Rf8 28. Bd5 Rg5 29. Bc6 Qg7 30. Nxb5 f5 31. Qh4 Rg4 32. Qh3 e4 33. Ra8 Rxa8 34. Bxa8 Qd7 35. Bxe4 Qxb5 36. Bxf5 Qxf5 37. Re8+ Kg7 38. Re7+ Kh8 39. Re8+ 1/2-1/2

[Event "Quebec op"]
[Site "Montreal CAN"]
[Date "2000.07.23"]
[Round "3"]
[White "Feoktistov, Dmitri"]
[Black "Postnikova, Anna"]
[Result "1-0"]
[WhiteElo "1991"]
[BlackElo "1769"]
[PlyCount "89"]
[GameId "2160767911653071"]
[EventDate "2000.07.22"]
[EventType "swiss"]
[EventRounds "9"]
[EventCountry "CAN"]

1. d4 e6 2. c4 f5 3. Nc3 Nf6 4. Nf3 Be7 5. g3 d5 6. Bg2 c6 7. O-O O-O 8. cxd5 exd5 9. Rb1 Qe8 10. b4 Ne4 11. Qb3 Kh8 12. b5 Nd7 13. Ba3 Ndf6 14. Bxe7 Qxe7 15. bxc6 bxc6 16. Nxe4 fxe4 17. Ne5 c5 18. Rfc1 c4 19. Qb5 Be6 20. f3 Qd6 21. fxe4 Nxe4 22. Bxe4 dxe4 23. Qb2 Rac8 24. e3 Qe7 25. Rc3 Qg5 26. Qe2 Rf6 27. Rf1 h5 28. Rf4 Rxf4 29. exf4 Qf5 30. Qd2 Bd5 31. Qb2 g5 32. Qb5 Rd8 33. Qa5 Qf6 34. fxg5 Qb6 35. Qxb6 axb6 36. Rc2 b5 37. Kf2 Rc8 38. Ke3 b4 39. Ng6+ Kg7 40. Ne7 Rd8 41. Nxd5 b3 42. axb3 cxb3 43. Rc7+ Kg6 44. Nf4+ Kxg5 45. Ne6+ 1-0

[Event "Quebec op"]
[Site "Montreal CAN"]
[Date "2000.07.23"]
[Round "3"]
[White "Gibson, Kris"]
[Black "Arsenault, Michel"]
[Result "1/2-1/2"]
[WhiteElo "1865"]
[BlackElo "1920"]
[PlyCount "62"]
[GameId "2160767911653072"]
[EventDate "2000.07.22"]
[EventType "swiss"]
[EventRounds "9"]
[EventCountry "CAN"]

1. e4 c5 2. Nf3 e6 3. d4 cxd4 4. Nxd4 Nf6 5. Nc3 d6 6. Bg5 Be7 7. f4 h6 8. Bh4 Nxe4 9. Bxe7 Nxc3 10. Bxd8 Nxd1 11. Bh4 Ne3 12. Ke2 Nxf1 13. Nb5 Kd7 14. Rd1 d5 15. c4 b6 16. cxd5 exd5 17. Kxf1 Bb7 18. Nc3 Na6 19. Kf2 Nc7 20. f5 Rhe8 21. Bg3 Rad8 22. Rc1 Na6 23. Nb5 Nc5 24. Rhd1 Rc8 25. Nd6 Ne4+ 26. Nxe4 Rxe4 27. Rxc8 Kxc8 28. Rc1+ Rc4 29. Rxc4+ dxc4 30. Be5 g6 31. g4 Be4 1/2-1/2

[Event "Quebec op"]
[Site "Montreal CAN"]
[Date "2000.07.23"]
[Round "3"]
[White "Grondin, Jean-Philippe"]
[Black "Razdolksky, Ilija"]
[Result "1/2-1/2"]
[WhiteElo "2107"]
[BlackElo "2143"]
[PlyCount "40"]
[GameId "2160767911653073"]
[EventDate "2000.07.22"]
[EventType "swiss"]
[EventRounds "9"]
[EventCountry "CAN"]

1. e4 e6 2. d4 d5 3. Nc3 Bb4 4. e5 c5 5. a3 Bxc3+ 6. bxc3 Qc7 7. Nf3 Ne7 8. h4 b6 9. h5 h6 10. Bb5+ Bd7 11. Bd3 c4 12. Bf1 Ba4 13. Rh4 Nbc6 14. Rg4 Nf5 15. Rf4 g5 16. hxg6 fxg6 17. Nh4 Qh7 18. Nxf5 gxf5 19. Qh5+ Qf7 20. Qxf7+ Kxf7 1/2-1/2

[Event "Quebec op"]
[Site "Montreal CAN"]
[Date "2000.07.23"]
[Round "3"]
[White "Khassanov, Marat"]
[Black "Ibrahim, Anthony"]
[Result "1-0"]
[WhiteElo "2338"]
[BlackElo "2145"]
[PlyCount "71"]
[GameId "2160767911653075"]
[EventDate "2000.07.22"]
[EventType "swiss"]
[EventRounds "9"]
[EventCountry "CAN"]
[SourceTitle "EXT 2002"]
[Source "ChessBase"]
[SourceDate "2001.11.25"]
[SourceVersion "1"]
[SourceVersionDate "2001.11.25"]
[SourceQuality "1"]

1. e4 c5 2. Nf3 Nc6 3. Nc3 e6 4. d4 cxd4 5. Nxd4 Nf6 6. g3 d6 7. Bg2 Be7 8. Nxc6 bxc6 9. e5 Nd5 10. exd6 Bxd6 11. O-O Bb7 12. Nxd5 cxd5 13. c4 O-O 14. cxd5 e5 15. f4 exf4 16. Bxf4 Qb6+ 17. Kh1 Rad8 18. Qd2 Bb4 19. Qe3 Bxd5 20. Qxb6 Bxg2+ 21. Kxg2 axb6 22. Rad1 Rfe8 23. Rxd8 Rxd8 24. Bc7 Rd2+ 25. Rf2 Rxf2+ 26. Kxf2 Bc5+ 27. Kf3 Kf8 28. Ke4 Ke7 29. Kd5 Kd7 30. Be5 Bg1 31. h3 g6 32. a4 f5 33. b4 Bf2 34. a5 bxa5 35. bxa5 Kc8 36. a6 1-0